| 000 | 00422nam a2200157 a 4500 | ||
|---|---|---|---|
| 001 | 76 | ||
| 003 | CDMR | ||
| 005 | 20130301135211.0 | ||
| 008 | 130130s2003||||||||||||||||||||||||||||d | ||
| 040 |
_aCDMR _bcat _cCPC GIRONA |
||
| 100 | 1 |
_aGarriga, Mima _973 |
|
| 245 | 1 | 0 |
_a70 anys Ràdio Girona _cMima Garriga i Ramon Iglesias |
| 260 |
_c2003 _bRàdio Girona Cadena SER _aGirona |
||
| 500 | _aCatàleg d'exposició | ||
| 942 |
_cMON _2udc |
||
| 999 |
_c76 _d76 |
||